000 00665nam a2200241Ia 4500
003 OSt
005 20221007110359.0
006 a|||||r|||| 00| 0
007 ta
008 221006b |||||||| |||| 00| 0 eng d
024 _a21,017
037 _cTextual
040 _aLCO
_cLCO
_beng
041 _2eng
_aeng
082 _aZ0aY, L6
100 _aUnger Roberto Mangabeira
245 0 _aLaw in Modern Society Toward a Criticism of Social Theory
260 _aNew
_bYork The Free Press U.S.A.
_c1976
300 _a309
650 _aMODERN SOCIETY
_9279173
942 _hZ0aY, L6
_cTEXL
999 _c1190580
_d1190580